Представление документа в формате RUSMARC

ПолеНазваниеЗначение
  Тип записи i
  Библиографический уровень c
001 Контрольный номер RU\NLR\BIBL_A\011777398
005 Дата корректировки 20241022093933.5
010 Индекс ISBN __
a ISBN 978-5-9677-2700-9
b Уточнения в кор.
d Цена 201-00
100 Данные общей обработки __
a Данные общей обработки 20180824d2017####u y0rusy028902 ca
101 Язык документа 0_
a Язык текста rus
102 Страна публикации __
a Страна публикации RU
106 Кодированные данные (форма документа) __
a Кодированные данные для формы документа (Обозначение носителя) s
125 Кодированные данные звукозаписи и нотных изданий __
b Определитель литературного текста с
126 Кодированные данные (звукозаписи-физические характеристики) __
a Кодированные данные звукозаписи (общие) аgbхhхх сd
127 Кодированные данные (звукозаписи-физические характеристики) __
a Продолжительность проигрывания 0508##
135 Кодированные данные (электронные ресурсы) __
a Кодированные данные (электронные ресурсы) hongannnauuuu
139 Кодированные данные (электронные ресурсы) __
a Кодированные данные (электронные ресурсы) caz
181 Поле кодированных данных: вид содержания _0
a Код вида содержания (ISBD) h
182 Поле кодированных данных: тип средства _0
a Код типа средства (ISBD) a
200 Заглавие и сведения об ответственности 1_
a Заглавие Сказка - ложь, узнайте правду!
e Сведения, относящиеся к заглавию повести : [аудиокнига]
f Первые сведения об ответственности Ольга Громыко
g Последующие сведения об ответственности исполняют Алевтина Жарова и Иван Литвинов
g Последующие сведения об ответственности режиссер: Виктория Козельцева
203 Вид содержания и тип средства __
a Вид содержания Устная речь
c Тип средства аудио
210 Выходные данные 1_
a Место издания Москва
c Издательство 1С-Паблишинг
d Дата издания 2017
215 Физическое описание __
a Объем 1 электрон. опт. диск (CD-ROM) (5 ч. 8 мин.)
c Иллюстрации/тип воспроизводства зв.
d Формат 12 см
225 Серия 1_
a Серия 1С: Аудиокниги
300 Общие примечания __
a Общие примечания Заглавие с этикетки диска
300 Общие примечания __
a Общие примечания Данные в формате MP3
330 Аннотация __
a Аннотация Кощей Бессмертный - ходячий скелет и беспросветный злодей? А может, он работает под прикрытием, а его худоба – следствие жертвенного служения интересам государства? Это должна выяснить Василиса, недаром же она Премудрая. Что будет, если встретятся три сына известных сказочных героев, причем всех троих зовут Семенами? Что-то эдакое наверняка случится! О приключениях тезок из круга "золотой молодежи" Тридевятого царства в царстве Навьем вы узнаете также из этой аудиокниги.
333 Примечание о целевом назначении __
a Примечание о целевом назначении 12+. Для детей старше 12 лет
337 Примечание о системных требованиях (электронные ресурсы) __
a Примечание о системных требованиях (электронные ресурсы) Системные требования: персональный компьютер ; MS Windows 95/98/2000/XP/Vista/7/8/10 ; Pentium 100 ; ОЗУ 16 Мб ; монитор SVGA, 800x600 ; устройство чтения CD/DVD-ROM ; звуковая карта ; колонки или наушники ; мышь
464 Аналитический уровень _0
1 2001
a О бедном Кощее замолвите слово
464 Аналитический уровень _0
1 2001
a Кому в Навьем царстве
606 Тематические рубрики __
a Основная рубрика Художественная литература
606 Тематические рубрики __
a Основная рубрика Современная русская литература (произведения)
610 Ключевые слова 0_
a Ключевые слова повести
610 Ключевые слова 0_
a Ключевые слова юмористическое фэнтези
610 Ключевые слова 0_
a Ключевые слова фэнтези
610 Ключевые слова 0_
a Ключевые слова фэнтези
686 Индексы других классификаций __
a Классификационный индекс 84(2=411.2)6-445я04; ст84(2=411.2)6-445я0
2 Код системы rubbks
700 Автор _1
a Фамилия Громыко
b Имя О. Н.
f Даты 1978-
g Полное личное имя Ольга Николаевна
3 Контрольный № нормативной записи RU\NLR\AUTH\7721739
4 Код отношения 070
702 Вторичная интеллектуальная ответственность _1
a Фамилия Жарова
b Имя А.
g Полное личное имя Алевтина
4 Код отношения 590
702 Вторичная интеллектуальная ответственность _1
a Фамилия Литвинов
b Имя И.
g Полное личное имя Иван
4 Код отношения 590
702 Вторичная интеллектуальная ответственность _1
a Фамилия Козельцева
b Имя В.
g Полное личное имя Виктория
4 Код отношения 300
702 Вторичная интеллектуальная ответственность _1
a Фамилия Табачная
b Имя Н.
g Полное личное имя Наталья
4 Код отношения 665
801 Источник записи _0
a Страна RU
b Организация NLR
c Дата составления 20180824
g Правила каталогизации RCR
801 Источник записи _1
a Страна RU
b Организация NLR
c Дата составления 20180824
2 Код формата rusmarc
g Правила каталогизации PSBO
801 Источник записи _2
a Страна RU
b Организация NLR
c Дата составления 20181016
2 Код формата rusmarc
g Правила каталогизации PSBO
852 Данные о местонахождении __
i Авторский знак Г 87
j Шифр хранения 84(2=411.2)6-445я04
899 Данные о местонахождении __
a Местонахождение ЦБС Сургут
900 Макрообъекты __
a Макрообъекты Сказка - ложь, узнайте правду, 2017 г (эл. ресурс)
901 Тип документа __
a Ответственный КиК/Мамарузиева
t Тип документа 0
903 Характеристики (МАРС) __
a Дата передачи 20210205
c Наименование библиотеки (МАРС) Муниципальное бюджетное учреждение культуры "Централизованная библиотечная система" г. Сургут (Центральная городская библиотека им. А. С. Пушкина)
969 Тип издания __
a Тип издания издание для слепых
a Тип издания аудиокнига
990 Данные о заказе (DOS) __
j Количество экземпляров (DOS) 2
t N записи в КСУ для И/У (DOS) 202102